| 000 | 00827nam a2200241Ia 4500 | ||
|---|---|---|---|
| 001 | 4217 | ||
| 003 | GE_BSU | ||
| 008 | 181216s||||||||xx |||||||||||||| ||und|| | ||
| 040 | _cGE_BSU | ||
| 080 | _a66.01(075.8) | ||
| 100 | _aПлановский,А.Н. Николаев,И.П. | ||
| 245 | _aПроцессы и аппараты химической и нефтехимической технологии. | ||
| 245 | _bУчебник для вузов. | ||
| 245 | _cРед. Р.Е. Миневич. | ||
| 250 | _a3-е изд. перераб. и доп. | ||
| 260 | _aМ. | ||
| 260 | _bХимия. | ||
| 260 | _c1987. | ||
| 300 | _a496 стр. 22 см. | ||
| 300 | _eрис. | ||
| 653 | _aПроцессы и аппараты химической и нефтехимической технологии. | ||
| 942 | _cBK | ||
| 999 |
_c38227 _d38227 |
||